000
00226nam a22000857a 4500
008
160706b xxu||||| |||| 00| 0 eng d
100
_9
2398
_a
Arya, V
245
_a
This is my Story
260
_a
New Delhi
_b
National Book Trust
_c
1990
999
_c
2073
_d
2073